000 00679nam a22002177 4500
999 _c8895
_d8895
001 8895
003 BD-JhCC
005 20180305134437.0
008 910702s1948 au 000 0 ger
035 _a(BD-JhCC)8895
040 _aDLC
_cDLC
_dDLC
_dBD-JhCC
041 _aeng
050 0 0 _a4PZ Ger 5062
082 _bDOO 1948
100 1 _aDoorly, Eleanor. [from old catalog]
245 0 0 _aMadame Curie, die das Radium fand;
_beine Lebensgeschichte für junge Menschen,
_cmit 11 Abbildungen von Robert Gibbings. [The radium woman. Berechtigte Ubersetzung von Edmund Th. Kauer]
260 _aWien,
_bP. Zsolnay,
_c1948.
300 _a276 p.
942 _2ddc
_cBK